[Event "Elite de Chambly"]
[Site "Chambly CAN"]
[Date "2025.05.07"]
[Round "2.4"]
[White "Cousineau, Francois"]
[Black "Taylor, Paul"]
[Result "1-0"]
[WhiteElo "1761"]
[BlackElo "1392"]
[WhiteFideId "-1"]
[WhiteFideId "-1"]
[PlyCount "51"]
[GameId "2191150457157292"]
[EventDate "2025.04.30"]
[EventType "swiss"]
[EventRounds "7"]
[EventCountry "CAN"]

1. e4 Nc6 2. d4 d5 3. e5 Bf5 4. Nf3 h6 5. c3 e6 6. Qb3 Rb8 7. Na3 a6 8. Qa4 Qc8 9. b4 b5 10. Qd1 Nge7 11. Nc2 Ng6 12. Ne3 Be4 13. Nd2 Qb7 14. f3 Be7 15. fxe4 Bg5 16. Nb3 dxe4 17. Nc5 Qa8 18. a4 Rd8 19. Be2 Ngxe5 20. axb5 Bxe3 21. Bxe3 Nd3+ 22. Nxd3 exd3 23. Bf3 Nxb4 24. Bxa8 Nc2+ 25. Kf2 Nxa1 26. Bc6+ 1-0

[Event "Elite de Chambly"]
[Site "Chambly CAN"]
[Date "2025.05.07"]
[Round "2.5"]
[White "Legault, Jean-Philippe"]
[Black "Tse, Chun Wing"]
[Result "0-1"]
[WhiteElo "1380"]
[BlackElo "1671"]
[WhiteFideId "-1"]
[WhiteFideId "-1"]
[PlyCount "108"]
[GameId "2191150457157293"]
[EventDate "2025.04.30"]
[EventType "swiss"]
[EventRounds "7"]
[EventCountry "CAN"]

1. d4 Nf6 2. Nf3 g6 3. Bf4 Bg7 4. c3 O-O 5. Nbd2 d6 6. e4 Nbd7 7. Be2 b6 8. O-O Bb7 9. Qc2 Re8 10. Bd3 e5 11. Bg5 h6 12. Bh4 g5 13. Bg3 Nh5 14. Rfe1 Qf6 15. Rad1 Nf4 16. Bf1 Qg6 17. Bxf4 gxf4 18. Nh4 Qh5 19. Nf5 Bf6 20. d5 Kh7 21. Qd3 Rg8 22. Be2 Qg6 23. Qh3 Bg5 24. Bh5 Qf6 25. Nf3 Bc8 26. Bxf7 Rf8 27. Be6 Nc5 28. Bxc8 Raxc8 29. Kf1 Nxe4 30. Rxe4 Qxf5 31. Nxg5+ Qxg5 32. Qd7+ Qg7 33. Qxg7+ Kxg7 34. Rd3 Rf7 35. Ke2 Kg6 36. Rf3 Kf5 37. Kd3 Rg8 38. g3 Kg4 39. Ke2 Rgf8 40. h3+ Kg5 41. gxf4+ Rxf4 42. Rexf4 Rxf4 43. Rg3+ Kf6 44. Rf3 Kf5 45. Ke3 b5 46. b3 a5 47. a4 bxa4 48. bxa4 Kg5 49. Rxf4 exf4+ 50. Kf3 h5 51. Ke4 Kh4 52. Kxf4 Kxh3 53. Kf3 h4 54. c4 Kh2 0-1

[Event "Elite de Chambly"]
[Site "Chambly CAN"]
[Date "2025.05.07"]
[Round "2.6"]
[White "Kerhuel-Lefebvre, Stephane"]
[Black "Pincince, Jacques"]
[Result "1-0"]
[WhiteElo "1665"]
[BlackElo "1388"]
[WhiteFideId "-1"]
[WhiteFideId "-1"]
[PlyCount "125"]
[GameId "2191150457157294"]
[EventDate "2025.04.30"]
[EventType "swiss"]
[EventRounds "7"]
[EventCountry "CAN"]

1. d4 d5 2. Nf3 Nf6 3. g3 Bf5 4. Bg2 Nc6 5. c3 h6 6. O-O Qd7 7. Ne5 Nxe5 8. dxe5 Ng4 9. Bxd5 e6 10. Bxb7 Rb8 11. Qxd7+ Kxd7 12. Rd1+ Ke7 13. Bg2 Nxe5 14. b3 f6 15. Bf4 Rd8 16. Rxd8 Kxd8 17. Bxe5 fxe5 18. e4 Bg4 19. Nd2 Bc5 20. b4 Bd6 21. f3 Bh5 22. Nc4 Rf8 23. Kf2 Bg6 24. Ke3 Be8 25. a4 Ke7 26. Bf1 g5 27. a5 h5 28. a6 g4 29. fxg4 hxg4 30. Nxd6 cxd6 31. Be2 Rh8 32. Rh1 d5 33. Bxg4 dxe4 34. Be2 Bg6 35. g4 Rh3+ 36. Kd2 e3+ 37. Ke1 Be4 38. Rg1 Rxh2 39. c4 Bh1 40. Rg3 e4 41. Rxe3 Bg2 42. b5 Kd6 43. b6 axb6 44. a7 Rh8 45. Kf2 Bh1 46. Kg1 Bf3 47. Rxf3 exf3 48. Bxf3 Ke5 49. a8=Q Rxa8 50. Bxa8 Kf4 51. Bc6 Kxg4 52. Kf2 Kf5 53. Ke3 Ke5 54. Be4 Kd6 55. Bd3 Ke5 56. Bf1 Kd6 57. Ke4 Ke7 58. Ke5 Kd7 59. Bg2 Ke7 60. Bc6 Kf7 61. Bd7 Ke7 62. Bxe6 Kd8 63. Kd6 1-0

[Event "Elite de Chambly"]
[Site "Chambly CAN"]
[Date "2025.05.07"]
[Round "2.7"]
[White "Kelly, Patrick"]
[Black "Doyon, Martin"]
[Result "1-0"]
[WhiteElo "1617"]
[BlackElo "1291"]
[WhiteFideId "-1"]
[WhiteFideId "-1"]
[PlyCount "85"]
[GameId "2191150457161391"]
[EventDate "2025.04.30"]
[EventType "swiss"]
[EventRounds "7"]
[EventCountry "CAN"]

1. e4 d6 2. d4 Nf6 3. Nc3 g6 4. Be3 Bg7 5. Qd2 Ng4 6. Bg5 O-O 7. O-O-O Re8 8. Kb1 c6 9. f3 Nf6 10. g4 Nbd7 11. Bh6 Bh8 12. h4 Nb6 13. h5 Be6 14. hxg6 fxg6 15. Nh3 Nc4 16. Qg5 b5 17. Nf4 Bf7 18. Bxc4 bxc4 19. e5 Nd5 20. Ncxd5 cxd5 21. e6 Qa5 22. exf7+ Kxf7 23. Qxd5+ Qxd5 24. Nxd5 Rab8 25. c3 e6 26. Nb4 Rb6 27. a3 a5 28. Na2 Reb8 29. Rh2 Rb3 30. Ka1 d5 31. Bc1 h5 32. gxh5 gxh5 33. f4 Bf6 34. Rxh5 Ke7 35. Re1 Kd6 36. Rh6 Rf8 37. Be3 Rb7 38. Rg1 Bg7 39. Rh7 Rg8 40. Nc1 Kc6 41. Ne2 Rgb8 42. Bc1 Rb6 43. Rgxg7 1-0

[Event "Elite de Chambly"]
[Site "Chambly CAN"]
[Date "2025.05.07"]
[Round "2.8"]
[White "Boyer, Pascal"]
[Black "Evenko, Kirill"]
[Result "1/2-1/2"]
[WhiteElo "1553"]
[BlackElo "1194"]
[WhiteFideId "-1"]
[WhiteFideId "-1"]
[PlyCount "118"]
[GameId "2191150457161392"]
[EventDate "2025.04.30"]
[EventType "swiss"]
[EventRounds "7"]
[EventCountry "CAN"]

1. e4 e5 2. Nf3 Nc6 3. Bc4 Nf6 4. Nc3 Bc5 5. O-O d6 6. h3 O-O 7. a3 h6 8. d3 Be6 9. Nd5 Bxd5 10. Bxd5 Nxd5 11. exd5 Ne7 12. b4 Bb6 13. c4 c5 14. Bd2 Qd7 15. Qe2 Rfe8 16. Kh1 Nf5 17. Qe4 cxb4 18. g4 Nd4 19. axb4 Nb3 20. Ra2 Nxd2 21. Nxd2 Rf8 22. Qg2 g5 23. Ne4 Bd8 24. Ng3 Qe7 25. Nf5 Qf6 26. c5 Be7 27. d4 exd4 28. Re1 Rfe8 29. Rae2 Kf8 30. Qe4 Qe5 31. cxd6 Qxe4+ 32. Rxe4 Bf6 33. f3 Rxe4 34. fxe4 Be5 35. Kg2 Rd8 36. Nxh6 Bxd6 37. e5 Bxb4 38. Rb1 a5 39. d6 f6 40. Rf1 d3 41. Rxf6+ Ke8 42. Kf3 a4 43. Nf5 a3 44. Nd4 a2 45. Nb3 Bc3 46. Re6+ Kf8 47. Ke3 a1=Q 48. Nxa1 Bxa1 49. Kxd3 Re8 50. d7 Rd8 51. Rd6 Ke7 52. Ke4 Rxd7 53. Rg6 Rd4+ 54. Kf5 Rd5 55. Rg7+ Ke8 56. Rxb7 Rxe5+ 57. Kg6 Bd4 58. Rh7 Be3 59. Kf6 Bd4 1/2-1/2

[Event "Elite de Chambly"]
[Site "Chambly CAN"]
[Date "2025.05.07"]
[Round "2.9"]
[White "Duran Diaz, Cesar Andres"]
[Black "Longpre, Martin"]
[Result "0-1"]
[WhiteElo "830"]
[BlackElo "1582"]
[WhiteFideId "-1"]
[WhiteFideId "-1"]
[PlyCount "78"]
[GameId "2191150457161393"]
[EventDate "2025.04.30"]
[EventType "swiss"]
[EventRounds "7"]
[EventCountry "CAN"]

1. d4 d5 2. c4 c6 3. Nc3 Nf6 4. Bg5 Nbd7 5. Nf3 dxc4 6. Bxf6 Nxf6 7. e4 Bg4 8. Be2 e6 9. a3 b5 10. b4 Be7 11. h3 Bh5 12. O-O O-O 13. Re1 a5 14. Qb1 axb4 15. axb4 Rxa1 16. Qxa1 Bxb4 17. Rd1 Bxc3 18. Qxc3 Nxe4 19. Qc2 Bg6 20. Ne5 Qd5 21. Nxg6 hxg6 22. Bf3 f5 23. g4 Ra8 24. gxf5 exf5 25. Bg2 Rd8 26. f3 Nf6 27. Qd2 c5 28. Re1 Qxd4+ 29. Qxd4 cxd4 30. Re5 d3 31. f4 d2 32. Bf3 d1=Q+ 33. Bxd1 Rxd1+ 34. Kg2 b4 35. Kf2 Rd5 36. Rxd5 Nxd5 37. Ke2 b3 38. Kd2 c3+ 39. Kc1 Nxf4 0-1

[Event "Elite de Chambly"]
[Site "Chambly CAN"]
[Date "2025.05.07"]
[Round "2.10"]
[White "Laplante, Germain"]
[Black "Dubreuil, Raymond"]
[Result "1/2-1/2"]
[WhiteElo "1193"]
[BlackElo "1464"]
[WhiteFideId "-1"]
[WhiteFideId "-1"]
[PlyCount "57"]
[GameId "2191150457161394"]
[EventDate "2025.04.30"]
[EventType "swiss"]
[EventRounds "7"]
[EventCountry "CAN"]

1. d4 Nf6 2. h3 c5 3. Bf4 d6 4. c3 cxd4 5. Qxd4 e5 6. Bxe5 Nc6 7. Bxf6 Qa5 8. Qe4+ Be6 9. Bh4 d5 10. Qc2 d4 11. Qe4 dxc3 12. Nxc3 Bb4 13. O-O-O Bxc3 14. bxc3 Qxc3+ 15. Qc2 Qa3+ 16. Qb2 Qc5+ 17. Kd2 Qa5+ 18. Qc3 Qxa2+ 19. Ke1 O-O 20. Nf3 Rac8 21. e3 Ne7 22. Qd2 Rc2 23. Qd8 Nd5 24. Qd6 Qa5+ 25. Nd2 Rxd2 26. Rxd2 Qa1+ 27. Rd1 Qa5+ 28. Rd2 Qa1+ 29. Rd1 1/2-1/2

[Event "Elite de Chambly"]
[Site "Chambly CAN"]
[Date "2025.05.07"]
[Round "2.11"]
[White "Lauzon, Francois"]
[Black "Poulin, Emile"]
[Result "0-1"]
[WhiteElo "1153"]
[BlackElo "1461"]
[WhiteFideId "-1"]
[WhiteFideId "-1"]
[PlyCount "44"]
[GameId "2191150457161395"]
[EventDate "2025.04.30"]
[EventType "swiss"]
[EventRounds "7"]
[EventCountry "CAN"]

1. e4 e6 2. d4 a6 3. Nf3 d5 4. e5 c5 5. c3 Nc6 6. Be3 Nge7 7. dxc5 Nf5 8. Bg5 Qc7 9. Bf4 Bxc5 10. Bd3 Bxf2+ 11. Kxf2 Qb6+ 12. Kf1 Qxb2 13. Nbd2 Qxc3 14. Bxf5 exf5 15. Kf2 Qc5+ 16. Kg3 h6 17. Nb3 Qb6 18. Qxd5 g5 19. Bd2 f4+ 20. Bxf4 gxf4+ 21. Kxf4 Rg8 22. g3 Rg4# 0-1

[Event "Elite de Chambly"]
[Site "Chambly CAN"]
[Date "2025.05.07"]
[Round "2.12"]
[White "Monette, Andre"]
[Black "Alameddine, Karim"]
[Result "0-1"]
[WhiteElo "1133"]
[BlackElo "1273"]
[WhiteFideId "-1"]
[WhiteFideId "-1"]
[PlyCount "84"]
[GameId "2191150457161396"]
[EventDate "2025.04.30"]
[EventType "swiss"]
[EventRounds "7"]
[EventCountry "CAN"]

1. e4 e5 2. Nf3 d6 3. Bb5+ c6 4. Ba4 h6 5. d3 Nf6 6. h3 Be7 7. O-O Qc7 8. c4 O-O 9. Nc3 a6 10. Be3 Be6 11. Bb3 Nbd7 12. d4 Nb6 13. d5 cxd5 14. cxd5 Bd7 15. a4 Nc8 16. Rc1 Qd8 17. Nd2 Nh7 18. Nc4 f5 19. f4 b5 20. Nd2 Bf6 21. Ne2 Kh8 22. axb5 axb5 23. Ra1 Rxa1 24. Qxa1 Ne7 25. Qa7 Ng6 26. Bc2 exf4 27. Nxf4 Nxf4 28. Bxf4 Qe7 29. Qb6 Be5 30. Bxe5 Qxe5 31. Nb3 f4 32. Bd1 Nf6 33. Qd4 Qg5 34. Rf3 Re8 35. Bc2 Nh5 36. Qd3 Ng3 37. Nd4 g6 38. Ne6 Bxe6 39. dxe6 Rxe6 40. Qd4+ Kh7 41. Qd5 Qxd5 42. exd5 Re1+ 0-1

[Event "Elite de Chambly"]
[Site "Chambly CAN"]
[Date "2025.05.07"]
[Round "2.13"]
[White "Tse, Edwin"]
[Black "Matmati, Jed"]
[Result "1-0"]
[WhiteElo "1253"]
[BlackElo "870"]
[WhiteFideId "-1"]
[WhiteFideId "-1"]
[PlyCount "45"]
[GameId "2191150457161397"]
[EventDate "2025.04.30"]
[EventType "swiss"]
[EventRounds "7"]
[EventCountry "CAN"]

1. d4 e5 2. dxe5 Bb4+ 3. c3 Qe7 4. cxb4 Qxb4+ 5. Nc3 b6 6. Nf3 Ba6 7. g3 Qc4 8. Bg2 Qg4 9. Nd5 c6 10. Nc7+ Ke7 11. Nxa8 Qb4+ 12. Qd2 c5 13. Nc7 Bc4 14. O-O Bxe2 15. Nd5+ Kd8 16. Nxb4 cxb4 17. Qxe2 h5 18. Bf4 Rh6 19. Rfd1 g5 20. Bxg5+ Ke8 21. Rac1 Rc6 22. Rxc6 dxc6 23. Rd8# 1-0

[Event "Elite de Chambly"]
[Site "Chambly CAN"]
[Date "2025.05.07"]
[Round "2.14"]
[White "Barhoumi, Amine"]
[Black "Milette, Patrick"]
[Result "0-1"]
[WhiteElo "1292"]
[BlackElo "1665"]
[WhiteFideId "-1"]
[WhiteFideId "-1"]
[PlyCount "26"]
[GameId "2191150457161398"]
[EventDate "2025.04.30"]
[EventType "swiss"]
[EventRounds "7"]
[EventCountry "CAN"]

1. Nf3 g6 2. d4 Bg7 3. c4 c5 4. Nc3 Nf6 5. Bf4 cxd4 6. Nxd4 d6 7. Nf3 Bf5 8. e3 Nc6 9. Bd3 Bxd3 10. Qxd3 O-O 11. Rc1 Re8 12. O-O h6 13. a3 e5 0-1

[Event "Elite de Chambly"]
[Site "Chambly CAN"]
[Date "2025.05.07"]
[Round "2.15"]
[White "Vallee, Genevieve"]
[Black "Carrier, Tristan"]
[Result "*"]
[WhiteElo "1260"]
[BlackElo "1500"]
[WhiteFideId "-1"]
[WhiteFideId "-1"]
[PlyCount "42"]
[GameId "2191150457161399"]
[EventDate "2025.04.30"]
[EventType "swiss"]
[EventRounds "7"]
[EventCountry "CAN"]

1. e4 d5 2. e5 f6 3. Nf3 fxe5 4. Nxe5 Nf6 5. d4 Bf5 6. Bd3 e6 7. Bg5 Bd6 8. Bxf5 exf5 9. Bxf6 Qxf6 10. O-O Bxe5 11. dxe5 Qxe5 12. Re1 Qxe1+ 13. Qxe1+ Kd7 14. Na3 Nc6 15. Qc3 d4 16. Qg3 Rhg8 17. Nb5 g5 18. Qxc7+ Ke6 19. Re1+ Kd5 20. b3 Rae8 21. Rxe8 Rxe8 *

[Event "Elite de Chambly"]
[Site "Chambly CAN"]
[Date "2025.05.07"]
[Round "2.16"]
[White "Lemieux, Serge"]
[Black "Tarte, Ariste"]
[Result "1-0"]
[WhiteElo "1368"]
[BlackElo "1156"]
[WhiteFideId "-1"]
[WhiteFideId "-1"]
[PlyCount "63"]
[GameId "2191150457161400"]
[EventDate "2025.04.30"]
[EventType "swiss"]
[EventRounds "7"]
[EventCountry "CAN"]

1. e4 c6 2. d4 d5 3. e5 Bf5 4. f4 e6 5. Nf3 h6 6. Be2 c5 7. O-O Nc6 8. c3 f6 9. Nh4 Bh7 10. Bh5+ g6 11. Nxg6 Bxg6 12. Bxg6+ Kd7 13. f5 Qb6 14. fxe6+ Kxe6 15. Qg4+ Ke7 16. exf6+ Kd8 17. Qe2 Bd6 18. Qe8+ Kc7 19. f7 Nge7 20. f8=Q Nxg6 21. Rf7+ Nce7 22. Rxe7+ Bxe7 23. Qfxe7+ Nxe7 24. Bf4+ Qd6 25. Qxe7+ Kb6 26. Qxd6+ Kb5 27. a4+ Kc4 28. b3+ Kxb3 29. Qxd5+ c4 30. Qb5+ Kc2 31. Ra2+ Kd3 32. Qf5# 1-0

[Event "Elite de Chambly"]
[Site "Chambly CAN"]
[Date "2025.05.07"]
[Round "2.17"]
[White "Cote, Liam"]
[Black "St-Laurent, Luc"]
[Result "0-1"]
[WhiteElo "950"]
[BlackElo "1332"]
[WhiteFideId "-1"]
[WhiteFideId "-1"]
[PlyCount "52"]
[GameId "2191150457161401"]
[EventDate "2025.04.30"]
[EventType "swiss"]
[EventRounds "7"]
[EventCountry "CAN"]

1. b3 d5 2. Ba3 g6 3. e3 Bg7 4. d4 c6 5. c4 dxc4 6. bxc4 Bf5 7. e4 Bxe4 8. Bd3 Bxg2 9. Bf1 Bxh1 10. Nf3 Qa5+ 11. Nbd2 Qxa3 12. Nb3 Nd7 13. Ne5 Nxe5 14. dxe5 Bxe5 15. Rb1 Rd8 16. Bd3 Bg2 17. Qc1 Qd6 18. Qg5 Bc3+ 19. Kd1 Qxd3+ 20. Nd2 Qxb1+ 21. Ke2 Rxd2+ 22. Qxd2 Bxd2 23. Kxd2 Be4 24. a4 Qd3+ 25. Ke1 Bf3 26. c5 Qe2# 0-1

[Event "Elite de Chambly"]
[Site "Chambly CAN"]
[Date "2025.05.07"]
[Round "2.18"]
[White "De Guise, Ronald"]
[Black "Raymond, Pierre"]
[Result "1-0"]
[WhiteElo "1313"]
[BlackElo "1108"]
[WhiteFideId "-1"]
[WhiteFideId "-1"]
[PlyCount "37"]
[GameId "2191150457161402"]
[EventDate "2025.04.30"]
[EventType "swiss"]
[EventRounds "7"]
[EventCountry "CAN"]

1. e4 e5 2. Nf3 Nc6 3. d4 exd4 4. Bc4 h6 5. O-O d6 6. Nxd4 Nf6 7. Nxc6 bxc6 8. Nc3 Be7 9. a3 Ng4 10. h3 Ne5 11. Ba2 Bb7 12. f4 Ba6 13. fxe5 Bxf1 14. Qxf1 d5 15. exd5 Bc5+ 16. Kh1 Qe7 17. Bd2 O-O-O 18. Qa6+ Kb8 19. dxc6 1-0

[Event "Elite de Chambly"]
[Site "Chambly CAN"]
[Date "2025.05.07"]
[Round "2.20"]
[White "Hebert, Sebastien"]
[Black "Capotorto, Michele"]
[Result "1-0"]
[WhiteElo "1298"]
[BlackElo "934"]
[WhiteFideId "-1"]
[WhiteFideId "-1"]
[PlyCount "49"]
[GameId "2191150457161404"]
[EventDate "2025.04.30"]
[EventType "swiss"]
[EventRounds "7"]
[EventCountry "CAN"]

1. e4 e5 2. Nc3 Nc6 3. Bc4 Nge7 4. a3 Ng6 5. d3 d6 6. Nf3 Qf6 7. Bg5 Qxg5 8. Nxg5 Be7 9. Nf3 O-O 10. h3 b6 11. Bd5 Bb7 12. b4 Nd8 13. Bxb7 Nxb7 14. Nd5 Bd8 15. c3 Rc8 16. O-O c6 17. Ne3 c5 18. Nd5 a5 19. c4 Ra8 20. bxa5 bxa5 21. Rb1 Rb8 22. Rb5 a4 23. Qxa4 Nf4 24. Nxf4 exf4 25. Rfb1 1-0

[Event "Elite de Chambly"]
[Site "Chambly CAN"]
[Date "2025.05.14"]
[Round "3.1"]
[White "Mok, Yuen Tak"]
[Black "Cousineau, Francois"]
[Result "1-0"]
[WhiteElo "2100"]
[BlackElo "1761"]
[WhiteFideId "-1"]
[WhiteFideId "-1"]
[PlyCount "57"]
[GameId "2191150457161405"]
[EventDate "2025.04.30"]
[EventType "swiss"]
[EventRounds "7"]
[EventCountry "CAN"]

1. e4 c5 2. Nf3 Nc6 3. Bb5 g6 4. O-O Bg7 5. c3 Nf6 6. Re1 O-O 7. d4 d5 8. e5 Ne4 9. Bxc6 bxc6 10. Be3 f6 11. exf6 Rxf6 12. dxc5 Bg4 13. h3 Bxh3 14. gxh3 Qd7 15. Kg2 Raf8 16. Nbd2 Qe6 17. Qe2 Qf7 18. Nxe4 dxe4 19. Ng5 Qe8 20. Nxe4 Rf5 21. Qc4+ Kh8 22. Rad1 Qc8 23. Ng3 Rf3 24. Rd2 h5 25. Bd4 R8f4 26. Qe6 Qf8 27. Bxg7+ Qxg7 28. Qxe7 Rf7 29. Qe5 1-0

[Event "Elite de Chambly"]
[Site "Chambly CAN"]
[Date "2025.05.14"]
[Round "3.2"]
[White "Tse, Chun Wing"]
[Black "Cossette, Richard"]
[Result "1-0"]
[WhiteElo "1671"]
[BlackElo "1790"]
[WhiteFideId "-1"]
[WhiteFideId "-1"]
[PlyCount "97"]
[GameId "2191150457161406"]
[EventDate "2025.04.30"]
[EventType "swiss"]
[EventRounds "7"]
[EventCountry "CAN"]

1. d4 d6 2. e4 Nf6 3. Nc3 g6 4. Be2 Bg7 5. h4 h5 6. Nf3 c5 7. dxc5 Qa5 8. O-O Qxc5 9. Ng5 O-O 10. g3 Nc6 11. Kg2 a6 12. Na4 Qa5 13. c4 b5 14. Nc3 b4 15. Nd5 Bb7 16. a3 e6 17. Nxb4 Nxb4 18. Bd2 Nxe4 19. Nxe4 Qf5 20. Bxb4 Bxe4+ 21. f3 Bc2 22. Qd2 Rfd8 23. Rac1 Ba4 24. Bd3 Qf6 25. Bc3 e5 26. Be4 Ra7 27. f4 Bh6 28. Qd3 Qe7 29. Rce1 exf4 30. Bxg6 Bc6+ 31. Kg1 Qd7 32. Qd4 fxg6 33. Qh8+ Kf7 34. Qh7+ Kf8 35. Qxh6+ Qg7 36. Qxg7+ Rxg7 37. Bxg7+ Kxg7 38. Rxf4 Rd7 39. Rd1 a5 40. Rfd4 d5 41. b4 axb4 42. axb4 Kf6 43. b5 Ba8 44. c5 Ke6 45. Re1+ Kf5 46. c6 Rd6 47. c7 Bb7 48. Re8 Rb6 49. Rf4# 1-0

[Event "Elite de Chambly"]
[Site "Chambly CAN"]
[Date "2025.05.14"]
[Round "3.3"]
[White "Cournoyer, Raphael"]
[Black "Kerhuel-Lefebvre, Stephane"]
[Result "1/2-1/2"]
[WhiteElo "1776"]
[BlackElo "1665"]
[WhiteFideId "-1"]
[WhiteFideId "-1"]
[PlyCount "82"]
[GameId "2191150457161407"]
[EventDate "2025.04.30"]
[EventType "swiss"]
[EventRounds "7"]
[EventCountry "CAN"]

1. d4 Nf6 2. Nf3 b6 3. c4 e6 4. g3 Bb7 5. Bg2 Be7 6. O-O O-O 7. Nc3 d6 8. Qc2 c5 9. e3 Nbd7 10. Rd1 cxd4 11. exd4 Rc8 12. Qd3 Re8 13. d5 e5 14. Ng5 Nc5 15. Qf1 Nxd5 16. Nxf7 Kxf7 17. cxd5 Ba6 18. Qe1 Bg5 19. Bxg5 Qxg5 20. Ne4 Nxe4 21. Qxe4 g6 22. Qa4 Be2 23. Re1 Qd2 24. Qxa7+ Re7 25. Qxb6 Rc2 26. Bf1 Bxf1 27. Rxf1 Qxd5 28. Rfd1 Rb7 29. Qe3 Qc6 30. b3 Rc3 31. Qd2 Rc2 32. Qxd6 Qxd6 33. Rxd6 Ra7 34. a4 Rb7 35. Rd3 Rb2 36. a5 Ke6 37. a6 Rf7 38. f3 Rc7 39. Re3 Rcc2 40. a7 Rg2+ 41. Kf1 Rxh2 1/2-1/2

[Event "Elite de Chambly"]
[Site "Chambly CAN"]
[Date "2025.05.14"]
[Round "3.4"]
[White "Longpre, Martin"]
[Black "Kelly, Patrick"]
[Result "1-0"]
[WhiteElo "1582"]
[BlackElo "1617"]
[WhiteFideId "-1"]
[WhiteFideId "-1"]
[PlyCount "113"]
[GameId "2191150457161408"]
[EventDate "2025.04.30"]
[EventType "swiss"]
[EventRounds "7"]
[EventCountry "CAN"]

1. e4 e5 2. Nf3 Nc6 3. Bc4 Nf6 4. d3 h6 5. O-O Bc5 6. c3 d6 7. Re1 O-O 8. h3 a6 9. a4 Be6 10. Bxe6 fxe6 11. d4 exd4 12. cxd4 Ba7 13. Nc3 Qe8 14. Be3 Kh8 15. Qd2 Qg6 16. Kh2 Qh5 17. Kg1 Na5 18. Qe2 Nc6 19. Red1 g5 20. e5 Nd5 21. Nxd5 exd5 22. Rd2 Na5 23. Re1 Nc4 24. Rc2 dxe5 25. Nxe5 Qe8 26. Nxc4 dxc4 27. Rxc4 c6 28. h4 Qg6 29. hxg5 hxg5 30. Qg4 Rf5 31. f4 Re8 32. Rcc1 Kg7 33. fxg5 Re4 34. Qg3 Bxd4 35. Bxd4+ Rxd4 36. Qc7+ Kg8 37. Qc8+ Rf8 38. Qxb7 Qf5 39. Qb3+ Kg7 40. Re7+ Rf7 41. Rxf7+ Qxf7 42. Qxf7+ Kxf7 43. Rxc6 Rxa4 44. g6+ Kg7 45. Kh2 a5 46. Rb6 Rb4 47. Rxb4 axb4 48. Kg3 Kxg6 49. Kf4 b3 50. Ke4 Kg5 51. Kd4 Kg4 52. Kc3 Kg3 53. Kxb3 Kxg2 54. Kc4 Kf3 55. b4 Ke4 56. Kc5 Ke5 57. b5 1-0

[Event "Elite de Chambly"]
[Site "Chambly CAN"]
[Date "2025.05.14"]
[Round "3.5"]
[White "Alameddine, Karim"]
[Black "Boyer, Pascal"]
[Result "1-0"]
[WhiteElo "1273"]
[BlackElo "1553"]
[WhiteFideId "-1"]
[WhiteFideId "-1"]
[PlyCount "81"]
[GameId "2191150457161409"]
[EventDate "2025.04.30"]
[EventType "swiss"]
[EventRounds "7"]
[EventCountry "CAN"]

1. e4 c5 2. d3 Nc6 3. c3 d5 4. Qc2 e5 5. h3 Nf6 6. Nf3 Be6 7. a3 Bd6 8. Be2 Qd7 9. Ng5 O-O 10. Nxe6 fxe6 11. Nd2 b5 12. Nf3 c4 13. O-O h6 14. Nd2 Rab8 15. b4 Bc7 16. Nf3 dxe4 17. dxe4 Bb6 18. a4 a6 19. Bb2 Qf7 20. a5 Ba7 21. Rad1 Rbd8 22. Rxd8 Rxd8 23. Rd1 Rxd1+ 24. Bxd1 Qd7 25. Kh2 Qe8 26. Bc1 Qg6 27. Qe2 Qxe4 28. Be3 Bb8 29. Bc2 Qd5 30. g3 Ne4 31. Bd2 Nd6 32. Nh4 e4 33. Ng6 Qf5 34. Nf4 Ne5 35. Bc1 g5 36. Nh5 g4 37. Nf4 Nf3+ 38. Kg2 e5 39. Nd5 gxh3+ 40. Kh1 Qh7 41. Nf6+ 1-0

[Event "Elite de Chambly"]
[Site "Chambly CAN"]
[Date "2025.05.14"]
[Round "3.6"]
[White "Bedard, Michel"]
[Black "Tse, Edwin"]
[Result "1-0"]
[WhiteElo "1465"]
[BlackElo "1253"]
[WhiteFideId "-1"]
[WhiteFideId "-1"]
[PlyCount "75"]
[GameId "2191150457161410"]
[EventDate "2025.04.30"]
[EventType "swiss"]
[EventRounds "7"]
[EventCountry "CAN"]

1. d4 d5 2. Nc3 Nf6 3. Bf4 c5 4. e3 Nc6 5. Nb5 e5 6. dxe5 a6 7. Nc3 d4 8. exf6 dxc3 9. Qxd8+ Nxd8 10. Be5 cxb2 11. Bxb2 Ne6 12. O-O-O Bd7 13. Nf3 O-O-O 14. Ne5 Be8 15. Nf3 Rxd1+ 16. Kxd1 gxf6 17. Bxf6 Rg8 18. g3 Bc6 19. Be2 Rg6 20. Bh4 Bh6 21. Re1 c4 22. Ne5 Rg8 23. Nxc6 bxc6 24. Bxc4 Nc7 25. Ke2 Rf8 26. Rd1 Kb7 27. Rd8 f5 28. Rd7 Rc8 29. Rxh7 Bf8 30. Rf7 Bd6 31. Rxf5 Nd5 32. Bxd5 cxd5 33. Kd3 Rc5 34. Bf6 Bf8 35. Bd4 Rc8 36. Rxd5 Kc6 37. Re5 Bh6 38. Re6+ 1-0

[Event "Elite de Chambly"]
[Site "Chambly CAN"]
[Date "2025.05.14"]
[Round "3.7"]
[White "Dubreuil, Raymond"]
[Black "De Guise, Ronald"]
[Result "1/2-1/2"]
[WhiteElo "1464"]
[BlackElo "1313"]
[WhiteFideId "-1"]
[WhiteFideId "-1"]
[PlyCount "101"]
[GameId "2191150457161411"]
[EventDate "2025.04.30"]
[EventType "swiss"]
[EventRounds "7"]
[EventCountry "CAN"]

1. Nf3 d5 2. g3 b6 3. Bg2 Bb7 4. O-O Nf6 5. d3 Nc6 6. c4 d4 7. e3 Rb8 8. exd4 Nxd4 9. Nbd2 e6 10. Nb3 c5 11. Bf4 Bd6 12. Bxd6 Qxd6 13. Nbxd4 cxd4 14. Qa4+ Bc6 15. Qxa7 O-O 16. Qa3 Qc7 17. Nxd4 Bxg2 18. Kxg2 Rfd8 19. Nb5 Qc6+ 20. Kg1 Ra8 21. Qc3 Rd7 22. Rfe1 Rad8 23. Rad1 Qf3 24. d4 Qb7 25. Qe3 h6 26. Rd3 Qc6 27. b3 Qb7 28. Qf3 Qa6 29. a4 Qa5 30. Red1 Qb4 31. Qe2 Qe7 32. d5 exd5 33. Qxe7 Rxe7 34. cxd5 Re5 35. d6 Re6 36. Nc7 Re2 37. Kf1 Rb2 38. Nd5 Nxd5 39. Rxd5 Rxb3 40. Rb5 Rxb5 41. axb5 Rd7 42. Rd5 f6 43. Ke2 Kf7 44. Kd3 Ke6 45. Kd4 Rxd6 46. Rxd6+ Kxd6 47. f4 f5 48. h3 h5 49. h4 g6 50. Kc4 Ke6 51. Kd4 1/2-1/2

[Event "Elite de Chambly"]
[Site "Chambly CAN"]
[Date "2025.05.14"]
[Round "3.8"]
[White "Despres, Alain"]
[Black "Hebert, Sebastien"]
[Result "1-0"]
[WhiteElo "1440"]
[BlackElo "1298"]
[WhiteFideId "-1"]
[WhiteFideId "-1"]
[PlyCount "105"]
[GameId "2191150457161412"]
[EventDate "2025.04.30"]
[EventType "swiss"]
[EventRounds "7"]
[EventCountry "CAN"]

1. d4 d5 2. Nf3 Nf6 3. e3 c5 4. b3 e6 5. Bd3 h6 6. O-O Be7 7. Bb2 O-O 8. Nbd2 a6 9. Ne5 Nbd7 10. Nxd7 Nxd7 11. f4 b5 12. c4 Bf6 13. Rc1 b4 14. Nf3 Bb7 15. Ne5 Rc8 16. Qe2 a5 17. cxd5 exd5 18. Nxd7 Qxd7 19. dxc5 Bxb2 20. Qxb2 Rc7 21. Qd4 Qe7 22. Rc2 Re8 23. Re1 Rec8 24. Rec1 Qe6 25. Qe5 Qxe5 26. fxe5 Re8 27. c6 Bc8 28. Rc5 Rxe5 29. e4 Be6 30. Rxa5 f6 31. Rb5 dxe4 32. Rxe5 fxe5 33. Bxe4 Kf7 34. Rc5 Kf6 35. Rb5 g6 36. Rb7 Rc8 37. Rxb4 Bf5 38. Bxf5 gxf5 39. Rc4 Ke6 40. Kf2 Kd5 41. c7 Kd6 42. a4 Rxc7 43. Rxc7 Kxc7 44. b4 Kc6 45. Ke3 h5 46. Kd3 h4 47. g3 hxg3 48. hxg3 Kb6 49. Kc4 e4 50. a5+ Ka6 51. Kd4 Kb5 52. Ke3 Ka6 53. g4 1-0